| 000 | 00515nam a22001817a 4500 | ||
|---|---|---|---|
| 005 | 20250529144711.0 | ||
| 008 | 250418b |||||||| |||| 00| 0 eng d | ||
| 020 | _a9781032905075 | ||
| 040 |
_aSDCL _cSDCL |
||
| 041 |
_2eng _aeng |
||
| 084 | _aV1'J R4 | ||
| 100 |
_aKumar, Rakesh _9305956 |
||
| 245 |
_aSocial formations in the medieval world : _bFrom Roman civilization till the crisis of feudalism |
||
| 260 |
_aLondon : _bRoutledge, _c2024. |
||
| 300 | _a237p. | ||
| 650 | _2History | ||
| 942 |
_2CC _cTEXL _n0 |
||
| 999 |
_c1309145 _d1309145 |
||